The view from Mount Calvary : (Record no. 4835)

MARC details
000 -LEADER
fixed length control field 01030cam a22002774a 4500
001 - CONTROL NUMBER
control field 14199121
003 - CONTROL NUMBER IDENTIFIER
control field GBCCL
005 - DATE AND TIME OF LATEST TRANSACTION
control field 20241126110528.0
008 - FIXED-LENGTH DATA ELEMENTS--GENERAL INFORMATION
fixed length control field 051213s2006 miu b 001 0 eng
010 ## -
-- 2005036165
020 ## - INTERNATIONAL STANDARD BOOK NUMBER
International Standard Book Number 0825433762
040 ## - CATALOGING SOURCE
Original cataloging agency DLC
Transcribing agency DLC
Modifying agency DLC
042 ## -
-- pcc
050 00 -
-- BT450
-- .P48 2006
082 00 - DEWEY DECIMAL CLASSIFICATION NUMBER
Classification number 232.12
Edition information 22
Item number PHI
100 1# - MAIN ENTRY--PERSONAL NAME
Personal name Phillips, John,
Dates associated with a name 1927-
9 (RLIN) 2737
245 14 - TITLE STATEMENT
Title The view from Mount Calvary :
Remainder of title 24 portraits of the Cross throughout Scripture /
Statement of responsibility, etc. John Phillips.
260 ## - PUBLICATION, DISTRIBUTION, ETC.
Place of publication, distribution, etc. Grand Rapids, MI :
Name of publisher, distributor, etc. Kregel Publications,
Date of publication, distribution, etc. c2006.
300 ## - PHYSICAL DESCRIPTION
Extent 294 p. ;
Dimensions 22 cm.
504 ## - BIBLIOGRAPHY, ETC. NOTE
Bibliography, etc. note Includes bibliographical references (p. 281-286) and indexes.
600 00 - SUBJECT ADDED ENTRY--PERSONAL NAME
Personal name Jesus Christ
General subdivision Crucifixion
-- Biblical teaching.
9 (RLIN) 8811
856 41 - ELECTRONIC LOCATION AND ACCESS
Materials specified Table of contents only
Uniform Resource Identifier <a href="http://www.loc.gov/catdir/toc/ecip065/2005036165.html">http://www.loc.gov/catdir/toc/ecip065/2005036165.html</a>
906 ## - LOCAL DATA ELEMENT F, LDF (RLIN)
a 7
b cbc
c orignew
d 1
e ecip
f 20
g y-gencatlg
942 ## - ADDED ENTRY ELEMENTS (KOHA)
Source of classification or shelving scheme Dewey Decimal Classification
Koha item type Books
Koha issues (borrowed), all copies 2
Holdings
Withdrawn status Lost status Source of classification or shelving scheme Damaged status Not for loan Home library Current Library Shelving location Date acquired Total checkouts Full call number Barcode Date last seen Date last checked out Copy number Price effective from Koha item type
    Dewey Decimal Classification     GRACE BIBLE COLLEGE GRACE BIBLE COLLEGE Theology 2018-02-08 2 232.12 PHI 014612 2025-05-01 2021-03-29 c.1 2018-02-08 Books
© Grace Bible College Library 2025